Testimonio de la sociedad chilena en su transición hacia un nuevo siglo. Instituciones políticas, derecho, economía, filosofía, educación, cultura, periodismo y relaciones internacionales.
Saved in:
| Main Author: | |
|---|---|
| Corporate Author: | |
| Format: | Book |
| Language: | English |
| Published: |
Santiago, Chile:
Ediciones de la Academia,
2000.
|
| Subjects: | |
| Tags: |
Add Tag
No Tags, Be the first to tag this record!
|
MARC
| LEADER | 00000nam a22000007a 4500 | ||
|---|---|---|---|
| 003 | CL-VaPUC | ||
| 005 | 20240411132301.0 | ||
| 008 | 240108t2000 ||||| |||| 00| 0 eng d | ||
| 999 | |c 442913 |d 442911 | ||
| 040 | |c Pontificia Universidad Católica de Valparaíso | ||
| 082 | |2 22 |a 306 ORR 2000 | ||
| 100 | |9 452093 |a Orrego Vicuña, Francisco |e autor | ||
| 245 | |a Testimonio de la sociedad chilena en su transición hacia un nuevo siglo. |b Instituciones políticas, derecho, economía, filosofía, educación, cultura, periodismo y relaciones internacionales. | ||
| 260 | |a Santiago, Chile: |b Ediciones de la Academia, |c 2000. | ||
| 300 | |a 2 volúmenes. | ||
| 500 | |a c.1 Donación Sr. Jorge López Santa María. Memo DER N° 050. 22-12-2023. c.1-v.II. Donación Sr. Jorge López Santa María. MEMO DER Nº14 / 26-3-2024 | ||
| 583 | |c 20240108 |k Yessy Sthefany Diaz Vidal | ||
| 651 | 0 | |9 254862 |a Chile |x Derecho y política |y Siglo 20 | |
| 651 | 0 | |9 254862 |a Chile |x Vida intelectual |y Siglo 20 | |
| 710 | |9 587088 |a Academia Chilena de Ciencias Sociales, Políticas y Morales, |b Instituto Chile |e autor | ||
| 942 | |2 ddc |c BK | ||
| 952 | |0 0 |1 0 |2 ddc |4 0 |6 306_000000000000000_ORR_2000 |7 0 |8 A |9 593202 |a BIBDER |b BIBDER |d 2024-01-08 |e Donación |h v.I |i 5659985 |o 306 ORR 2000 |p 5659985 |r 2024-01-08 |t 1 |w 2024-01-08 |y BK |k DER | ||
| 952 | |0 0 |1 0 |2 ddc |4 0 |6 306_000000000000000_ORR_2000 |7 0 |8 A |9 594024 |a BIBDER |b BIBDER |d 2024-04-11 |e Donación |h v.II |i 5660650 |o 306 ORR 2000 |p 5660650 |r 2024-04-11 |t 1 |w 2024-04-11 |y BK |k DER | ||